01202cam a22003137a 4500003000500000005001700005008004100022010001000063011001000073035001000083040000900093100003800102245007100140260004100211300001900252500012600271590004100397590004100438590004100479590004200520650003900562650004800601650003600649901000700685942001000692949004200702999001700744952012700761CHAP20220817041742.0971013s1985 r 00010 d a23366 a24338 a28437 cCHAP00aChávez Morales, Jesús.92273613aAn optimization and simulation methodology for irrigation planning aDavis, California :bEl autor,c1985 a234 h.b: ilus aTheses (Doctor of Phylosophy in Engineering) -- University of California Davis. College of Engineering. Graduate division aBATCH-UPDb10c20130110lUCH01h1246 aBATCH-UPDb10c20130410lUCH01h0810 aBATCH-UPDb10c20130914lUCH01h0929 aCONVERSIONb10c20130109lUCH01h131414aDistrito de Riego Río Mayo, Son.14aIrrigaciónxModelos matemáticos.96043114aIrrigaciónxProyectos.960443 aBK cTESIS bBCcTESd-65617eTS1h18720i28437si c23366d23366 00102local4051708TESISaBCbBCcPA_TESISd2019-12-31fTESISl0oTesisp-65617r2019-12-31 00:00:00w2019-12-31yTESIS